Country Capitals That Share A Leading Letter With Their Country - Statistics

General Stats
  • This quiz has been taken 58 times
    35 since last reset
  • The average score is 18 of 30
Answer Stats
Capital Country % Correct
Guatemala City Guatemala
95%
Algiers Algeria
86%
Andorra la Vella Andorra
82%
Panama City Panama
82%
Brasilia Brazil
77%
Luxembourg Luxembourg
77%
Mexico City Mexico
77%
Monaco Monaco
77%
San Marino San Marino
77%
Singapore Singapore
77%
Stockholm Sweden
77%
Vatican City Vatican City
77%
Brussels Belgium
68%
Djibouti Djibouti
68%
Kuwait City Kuwait
68%
Niamey Niger
64%
Maputo Mozambique
59%
Seoul South Korea
59%
Male Maldives
55%
Tunis Tunisia
55%
Taipei Taiwan
50%
Bandar Seri Begawan Brunei
41%
Belmopan Belize
41%
Bridgetown Barbados
41%
Bujumbura Burundi
41%
Majuro Marshall Islands
36%
Port Moresby Papua New Guinea
36%
São Tomé São Tomé and Príncipe
36%
Sri Jayawardenepura Kotte Sri Lanka
36%
Georgetown Guyana
27%
No matching quizzes found
Score Distribution
Percent of People with Each Score
Percentile by Number Answered
Your Score History
You have not taken this quiz since the last reset